Normal view
MARC view
Entry Personal Name
001 - CONTROL NUMBER
- control field: 48938
003 - CONTROL NUMBER IDENTIFIER
- control field: ARRUPE
005 - DATE AND TIME OF LATEST TRANSACTION
- control field: 20200121121536.0
008 - FIXED-LENGTH DATA ELEMENTS
- fixed length control field: 200121|| aca||aabn | a|a d
040 ## - CATALOGING SOURCE
- Original cataloging agency: ARRUPE
- Transcribing agency: ARRUPE
100 ## - HEADING--PERSONAL NAME
- Personal name: Byron, George Gordon Byron,
- Titles and other words associated with a name: Baron,
- Dates associated with a name: 1788-1824.
670 ## - SOURCE DATA FOUND
- Source citation: Work cat.: (ARRUPE)0: Grosskurth, Phyllis. 43817, Byron :, 1997.